|
|
|
|
| LEADER |
01322nam a2200361Ia 4500 |
| 001 |
EBC196641 |
| 003 |
MiAaPQ |
| 005 |
20200520144314.0 |
| 006 |
m o d | |
| 007 |
cr cn||||||||| |
| 008 |
040308s2004 nju sb 000 0 eng d |
| 020 |
|
|
|z 0471478865 (cloth)
|
| 035 |
|
|
|a (MiAaPQ)EBC196641
|
| 035 |
|
|
|a (Au-PeEL)EBL196641
|
| 035 |
|
|
|a (CaPaEBR)ebr10114127
|
| 035 |
|
|
|a (CaONFJC)MIL36825
|
| 035 |
|
|
|a (OCoLC)614850919
|
| 040 |
|
|
|a MiAaPQ
|c MiAaPQ
|d MiAaPQ
|
| 050 |
|
4 |
|a HG4529
|b .T735 2004
|
| 082 |
0 |
4 |
|a 332.6
|2 22
|
| 100 |
1 |
|
|a Travers, Frank J.
|
| 245 |
1 |
0 |
|a Investment manager analysis
|h [electronic resource] :
|b a comprehensive guide to portfolio selection, monitoring, and optimization /
|c Frank J. Travers.
|
| 260 |
|
|
|a Hoboken, NJ :
|b Wiley,
|c c2004.
|
| 300 |
|
|
|a xv, 384 p.
|
| 490 |
1 |
|
|a Wiley finance series
|
| 504 |
|
|
|a Includes bibliographical references.
|
| 533 |
|
|
|a Electronic reproduction. Ann Arbor, MI : ProQuest, 2015. Available via World Wide Web. Access may be limited to ProQuest affiliated libraries.
|
| 650 |
|
0 |
|a Investment analysis.
|
| 650 |
|
0 |
|a Portfolio management.
|
| 655 |
|
4 |
|a Electronic books.
|
| 710 |
2 |
|
|a ProQuest (Firm)
|
| 830 |
|
0 |
|a Wiley finance series.
|
| 856 |
4 |
0 |
|u https://ebookcentral.proquest.com/lib/matrademy/detail.action?docID=196641
|z Click to View
|